Assessing the Cotton, Textile, and Apparel Sector Employment Potential in Kenya (Record no. 31205)

MARC details
000 -LEADER
fixed length control field 00990nam a2200277Ia 4500
003 - CONTROL NUMBER IDENTIFIER
control field PACU
005 - DATE AND TIME OF LATEST TRANSACTION
control field 20210917122553.0
008 - FIXED-LENGTH DATA ELEMENTS--GENERAL INFORMATION
fixed length control field 130521s9999 xx 000 0 und d
020 ## - INTERNATIONAL STANDARD BOOK NUMBER
International Standard Book Number 9966777830
040 ## - CATALOGING SOURCE
Original cataloging agency PACU
Language of cataloging Eng
Transcribing agency PACU
050 ## - LIBRARY OF CONGRESS CALL NUMBER
Classification number HD 8039 .K4
Item number .M355 2020
100 ## - MAIN ENTRY--PERSONAL NAME
Personal name Kippra
9 (RLIN) 2852
245 ## - TITLE STATEMENT
Title Assessing the Cotton, Textile, and Apparel Sector Employment Potential in Kenya
Statement of responsibility, etc. Wario Malicha and Lawrence Njoroge
260 ## - PUBLICATION, DISTRIBUTION, ETC. (IMPRINT)
Place of publication, distribution, etc. Kenya :
Name of publisher, distributor, etc. KIPPRA,
Date of publication, distribution, etc. 2020.
300 ## - PHYSICAL DESCRIPTION
Extent viii, 43p.
Other physical details Colour Illustrations.
Dimensions 25cm.
440 ## - SERIES STATEMENT/ADDED ENTRY--TITLE
Title KIPPRA Discussion Paper
Number of part/section of a work No. 229
504 ## - BIBLIOGRAPHY, ETC. NOTE
Bibliography, etc Includes Bibliographic Information, (41-43p)
650 ## - SUBJECT ADDED ENTRY--TOPICAL TERM
Topical term or geographic name as entry element Textile Industry
Geographic subdivision Kenya
650 ## - SUBJECT ADDED ENTRY--TOPICAL TERM
Topical term or geographic name as entry element Cotton Textile Industry
Geographic subdivision Kenya
650 ## - SUBJECT ADDED ENTRY--TOPICAL TERM
Topical term or geographic name as entry element Clothing Trade
Geographic subdivision Kenya
650 ## - SUBJECT ADDED ENTRY--TOPICAL TERM
Topical term or geographic name as entry element Apparel Industry
Geographic subdivision Kenya
650 ## - SUBJECT ADDED ENTRY--TOPICAL TERM
Topical term or geographic name as entry element Job Creation
650 ## - SUBJECT ADDED ENTRY--TOPICAL TERM
Topical term or geographic name as entry element Employability, Employment Potential
650 ## - SUBJECT ADDED ENTRY--TOPICAL TERM
Topical term or geographic name as entry element Labour
General subdivision Textile Industry
Geographic subdivision Kenya
942 ## - ADDED ENTRY ELEMENTS (KOHA)
Source of classification or shelving scheme Library of Congress Classification
Koha item type Special Collections
Classification part HD 8039 .K4
Item part .M355 2020
Holdings
Withdrawn status Lost status Source of classification or shelving scheme Damaged status Not for loan Home library Current library Date acquired Source of acquisition Total Checkouts Full call number Barcode Date last seen Copy number Price effective from Koha item type Shelving location
    Library of Congress Classification     PAC UNIVERSITY PAC UNIVERSITY 17/09/2021 Donation   SPEC HD 8039 .K4 .M355 2020 54187 17/09/2021 C.1 17/09/2021 Special Collections  
    Library of Congress Classification     VALLEY ROAD VALLEY ROAD 17/09/2021 Donation   VRC SPEC HD 8039 .K4 .M355 2020   17/09/2021 C.2 17/09/2021 Special Collections Special Collection

Richard Ondeng' Library |56875-00200,Nairobi | Kenya
Tel: +254-20-2013146 / 2076894 | Mobile: 0721-932050, 0734-400694
Email: enquiries@pacuniversity.ac.ke| Website: www.pacuniversity.ac.ke
Powered by PAC University ICT Department